| 000 | 01129cai a22002295a 4500 | ||
|---|---|---|---|
| 001 | E152658 | ||
| 008 | 110411u xxk g 000 0 eng d | ||
| 035 | _a(Sirsi) u152658 | ||
| 041 | 0 | _aeng | |
| 110 | 2 |
_aScotland _bScottish Government _95344 |
|
| 245 | 0 | 0 |
_aScottish arbitration centre _h[electronic resource] |
| 520 | _aThe Scottish Arbitration Centre is a joint initiative of the Scottish Government and various professional bodies, including RICS. It is intended to encourage the use of arbitration in Scotland, and to put Scotland forward as a place to conduct international arbitration. | ||
| 590 | _aKA | ||
| 651 | 4 |
_aScotland _y1999- |
|
| 690 | _aMANAGEMENT-DISPUTE AVOIDANCE, MANAGEMENT AND RESOLUTION-DISPUTE MANAGEMENT AND RESOLUTION-ARBITRATION | ||
| 710 | 2 |
_aRoyal Institution of Chartered Surveyors _bScotland _93082 |
|
| 710 | 2 |
_aLaw Society of Scotland _91695 |
|
| 710 | 2 |
_aChartered Institute of Arbitrators _91994 |
|
| 710 | 2 |
_aFaculty of Advocates _9373 |
|
| 856 | 4 | 0 |
_uhttps://www.scottisharbitrationcentre.org/index.html _zView the website free of charge at www.scottisharbitrationcentre.org |
| 942 | _n0 | ||
| 999 |
_c120900 _d120900 |
||